Вып. 4 (46) : Исследование крановых металлоконструкций; Труды Всесоюзного научно-исследовательского института подъемно-транспортного машиностроения (ВНИИПТМАШ)

Xehetasun bibliografikoak
Parent link:Труды Всесоюзного научно-исследовательского института подъемно-транспортного машиностроения (ВНИИПТМАШ): [сборник]/ Всесоюзный научно-исследовательский институт подъемно-транспортного машиностроения (ВНИИПТМАШ). Вып. 4 (46) : Исследование крановых металлоконструкций.— , 1960-
Beste egile batzuk: Богуславский П. Е. (редактор)
Hizkuntza:errusiera
Argitaratua: 1964
Gaiak:
Formatua: MixedMaterials Liburua
KOHA link:https://koha.lib.tpu.ru/cgi-bin/koha/opac-detail.pl?biblionumber=328965

MARC

LEADER 00000nam2a2200000 4500
001 328965
005 20231102004120.0
035 |a (RuTPU)RU\TPU\book\354705 
035 |a RU\TPU\book\354684 
090 |a 328965 
100 |a 20170301d1964 k y0rusy50 ca 
101 0 |a rus 
102 |a RU 
105 |a a z 001zy 
200 0 |a Вып. 4 (46) : Исследование крановых металлоконструкций  |f под ред. П. Е. Богуславского 
210 |d 1964 
215 |a 144 с.  |c ил. 
320 |a Библиогр. в конце ст. 
461 1 |0 (RuTPU)RU\TPU\book\164893  |t Труды Всесоюзного научно-исследовательского института подъемно-транспортного машиностроения (ВНИИПТМАШ)  |o [сборник]  |f Всесоюзный научно-исследовательский институт подъемно-транспортного машиностроения (ВНИИПТМАШ)  |v Вып. 4 (46) : Исследование крановых металлоконструкций  |d 1960-  
606 1 |a Крановые конструкции металлические  |x Исследование  |2 stltpush  |3 (RuTPU)RU\TPU\subj\16088  |9 42274 
610 1 |a крановые мосты 
610 1 |a изготовление 
610 1 |a трудоемкость 
610 1 |a стержни 
610 1 |a расчеты 
610 1 |a жесткость 
610 1 |a деформации 
610 1 |a проектирование 
610 1 |a балки 
675 |a 621.873.001  |v 4 
702 1 |a Богуславский  |b П. Е.  |4 340 
801 1 |a RU  |b 63413507  |c 20170301 
801 2 |a RU  |b 63413507  |c 20200205  |g RCR 
942 |c BK